[Event "Cheliabinsk Kibizov Memorial 2nd"]
[Site "Cheliabinsk"]
[Date "2007.07.05"]
[Round "5"]
[White "Dvoiris, Lev"]
[Black "Baranovsky, Alexey"]
[Result "0-1"]
[WhiteElo "2007"]
[BlackElo "2107"]
[PlyCount "96"]
[EventDate "2007.07.01"]
[EventType "swiss"]
[EventRounds "9"]
[EventCountry "RUS"]
[SourceTitle "EXT 2022"]
[Source "ChessBase"]
[SourceDate "2021.10.06"]
[SourceVersion "1"]
[SourceVersionDate "2021.10.06"]
[SourceQuality "1"]

1. e4 c5 2. Nf3 Nc6 3. d4 cxd4 4. Nxd4 g6 5. Be3 Bg7 6. c3 Nf6 7. Nd2 0-0 8. Be2 d5 9. Nxc6 bxc6 10. e5 Nd7 11. f4 f6 12. exf6 Bxf6 13. 0-0 Qc7 14. Nf3 Bb7 15. Nd4 Qd6 16. Bg4 e5 17. Nb3 exf4 18. Bxf4 Be5 19. Bxe5 Nxe5 20. Be2 a5 21. Qd4 Rxf1+ 22. Rxf1 Bc8 23. Nc5 Bf5 24. b3 Re8 25. Nd3 Bxd3 26. Bxd3 c5 27. Qf2 Rf8 28. Qxf8+ Qxf8 29. Rxf8+ Kxf8 30. Be2 Ke7 31. Kf2 d4 32. cxd4 cxd4 33. h3 Kd6 34. Kg3 d3 35. Bd1 Kc5 36. Kf4 Kd4 37. g4 d2 38. a3 h6 39. h4 Nd3+ 40. Kf3 g5 41. hxg5 hxg5 42. Ke2 Kc3 43. Ke3 Nb2 44. Ke2 Nxd1 45. Kxd1 Kxb3 46. Kxd2 Kxa3 47. Kd3 Kb4 48. Ke4 a4 0-1

[Event "Cheliabinsk Kibizov Memorial 2nd"]
[Site "Cheliabinsk"]
[Date "2007.07.03"]
[Round "3"]
[White "Lefebr, Vladislav"]
[Black "Dvoiris, Lev"]
[Result "1-0"]
[WhiteElo "1997"]
[BlackElo "2007"]
[PlyCount "85"]
[EventDate "2007.07.01"]
[EventType "swiss"]
[EventRounds "9"]
[EventCountry "RUS"]
[SourceTitle "EXT 2022"]
[Source "ChessBase"]
[SourceDate "2021.10.06"]
[SourceVersion "1"]
[SourceVersionDate "2021.10.06"]
[SourceQuality "1"]

1. e4 c5 2. c3 Nf6 3. e5 Nd5 4. Nf3 e6 5. d4 cxd4 6. cxd4 d6 7. Bd3 dxe5 8. dxe5 Be7 9. 0-0 0-0 10. Nc3 Nc6 11. Qe2 Nxc3 12. bxc3 Qc7 13. Bf4 b6 14. Rfd1 Bb7 15. h4 Na5 16. Rac1 Rfd8 17. h5 Bc6 18. h6 g6 19. Ng5 Nb7 20. Qg4 Nc5 21. Bb1 Ba4 22. Rd4 Bb5 23. Rcd1 Rxd4 24. cxd4 Na4 25. Be4 Rd8 26. d5 Bxg5 27. Qxg5 f5 28. exf6 Qf7 29. Rd2 e5 30. d6 Nc3 31. Qxe5 Nxe4 32. Qxe4 Qxf6 33. Qd5+ Qf7 34. Qg5 Rf8 35. Be5 Bd7 36. Bc3 Qe6 37. Rd3 Qxa2 38. Qe3 Qa3 39. Qd4 Qc1+ 40. Rd1 Qxh6 41. Re1 Rc8 42. Qh8+ Kf7 43. Re7# 1-0

[Event "Cheliabinsk Kibizov Memorial 2nd"]
[Site "Cheliabinsk"]
[Date "2007.07.01"]
[Round "1"]
[White "Sultanov, Ruslan"]
[Black "Dvoiris, Lev"]
[Result "1/2-1/2"]
[WhiteElo "1765"]
[BlackElo "2007"]
[PlyCount "24"]
[EventDate "2007.07.01"]
[EventType "swiss"]
[EventRounds "9"]
[EventCountry "RUS"]
[SourceTitle "EXT 2022"]
[Source "ChessBase"]
[SourceDate "2021.10.06"]
[SourceVersion "1"]
[SourceVersionDate "2021.10.06"]
[SourceQuality "1"]

1. e4 c5 2. c3 Nf6 3. e5 Nd5 4. d4 cxd4 5. cxd4 Nc6 6. Nc3 d6 7. Be2 dxe5 8. dxe5 e6 9. Nf3 Bc5 10. 0-0 0-0 11. Qc2 Bb6 12. a3 Bd7 1/2-1/2

[Event "Cheliabinsk Postovalov Memorial 1st"]
[Site "Cheliabinsk"]
[Date "2007.01.12"]
[Round "7"]
[White "Dvoiris, Lev"]
[Black "Suslova, Alena"]
[Result "0-1"]
[WhiteElo "2011"]
[BlackElo "2060"]
[PlyCount "66"]
[EventDate "2007.01.05"]
[EventType "swiss"]
[EventRounds "9"]
[EventCountry "RUS"]
[SourceTitle "EXT 2010"]
[Source "ChessBase"]
[SourceDate "2010.11.25"]
[SourceVersion "1"]
[SourceVersionDate "2010.11.25"]
[SourceQuality "1"]

1. e4 d5 2. exd5 Nf6 3. Bb5+ Bd7 4. Bc4 Bg4 5. f3 Bc8 6. Ne2 Nxd5 7. d4 e6 8. 0-0 Be7 9. c3 0-0 10. Ng3 b6 11. Bd3 Bb7 12. Bc2 c5 13. Qd3 g6 14. Kh1 Ba6 15. Qe4 Bxf1 16. Nxf1 Nd7 17. Bh6 Re8 18. Ng3 Bg5 19. Bxg5 Qxg5 20. Na3 Qe7 21. Ba4 Red8 22. Re1 N7f6 23. Qe5 Rac8 24. dxc5 Rxc5 25. Ne4 Nxe4 26. Qxe4 Nf6 27. Qe2 Rcd5 28. Nc2 Rd2 29. Qe3 Qc5 30. Nd4 R8xd4 31. cxd4 Qxd4 32. Qh6 Qxb2 33. g3 Nh5 0-1